Translate Basic Dutch Words - Statistics

General Stats
  • This quiz has been taken 62 times
  • The average score is 13 of 16
Answer Stats
Hint Answer % Correct
Familie Family
98%
Man Man
96%
Vader Father
91%
Moeder Mother
89%
Jongen Boy
87%
Kind Child
87%
Een A
85%
De/Het The
85%
Je You
85%
Vrouw Woman
83%
Meisje Girl
80%
En And
74%
Paard Horse
72%
Varken Pig
67%
Schildpad Turtle
65%
Dier Animal
61%
No matching quizzes found
Score Distribution
Percent of People with Each Score
Percentile by Number Answered
Your Score History
You have not taken this quiz